| 000 | 01161cam a22002415a 4500 | ||
|---|---|---|---|
| 001 | E147958 | ||
| 008 | 090706s2009 xxkao f 000 0 eng d | ||
| 035 | _a(Sirsi) u147958 | ||
| 041 | 0 | _aeng | |
| 050 | 0 | 4 | _a693.82 $2 18 |
| 100 | 1 | _aChagger, Raman | |
| 245 | 0 | 0 | _aDevelopments in fire detection and fire alarm systems |
| 260 |
_aGarston _bBRE _c2009 |
||
| 300 |
_a8p. _bcol. ill. _c30cm. |
||
| 490 | 0 |
_aBRE Digest _vDG 512 |
|
| 505 | 2 | _aThe history of fire detection -- Developments in electronic technology -- Developments in fire detection -- Communicating a fire situation -- Video fire detection systems -- Directional sounders and visual devices -- Alarm transmission systems -- Maximising use of technology and available information -- Approved products and systems -- False alarms -- Firegrid -- Summary -- References | |
| 520 | _aExamines recent developments in the technologies used in fire detection and fire alarm systems, and discusses prospects for future developments. | ||
| 521 | _aAdvanced | ||
| 590 | _aKA | ||
| 651 | 4 |
_aUnited Kingdom _y |
|
| 690 | _aMANAGEMENT-HEALTH AND SAFETY-FIRE SAFETY-FIRE SAFETY ENGINEERING | ||
| 942 | _n0 | ||
| 999 |
_c109815 _d109815 |
||